Emerging wireless technologies and the future mobile internet / (Record no. 140666)

MARC details
000 -LEADER
fixed length control field 00885cam a2200229 a 4500
001 - CONTROL NUMBER
control field vtls003223007
003 - CONTROL NUMBER IDENTIFIER
control field MY-SjTCS
005 - DATE AND TIME OF LATEST TRANSACTION
control field 20200226114937.0
008 - FIXED-LENGTH DATA ELEMENTS--GENERAL INFORMATION
fixed length control field 110820s2011 enka b 000 0 eng
020 ## - INTERNATIONAL STANDARD BOOK NUMBER
International Standard Book Number 9780521116466 (hbk.)
039 #9 - LEVEL OF BIBLIOGRAPHIC CONTROL AND CODING DETAIL [OBSOLETE]
Level of rules in bibliographic description 201110141228
Level of effort used to assign nonsubject heading access points shuhada
Level of effort used to assign subject headings 201110141226
Level of effort used to assign classification shuhada
Level of effort used to assign subject headings 201110141226
Level of effort used to assign classification shuhada
Level of effort used to assign subject headings 201110141225
Level of effort used to assign classification shuhada
-- 201108201542
-- azura
082 04 - DEWEY DECIMAL CLASSIFICATION NUMBER
Classification number 621.382
Item number EME 2011
245 00 - TITLE STATEMENT
Title Emerging wireless technologies and the future mobile internet /
Statement of responsibility, etc. edited by Dipankar Raychaudhuri, Mario Gerla.
260 ## - PUBLICATION, DISTRIBUTION, ETC.
Place of publication, distribution, etc. Cambridge :
Name of publisher, distributor, etc. Cambridge University Press,
Date of publication, distribution, etc. 2011.
300 ## - PHYSICAL DESCRIPTION
Extent xiii, 315 p. :
Other physical details ill. ;
Dimensions 25 cm
504 ## - BIBLIOGRAPHY, ETC. NOTE
Bibliography, etc. note Includes bibliographical references.
650 #0 - SUBJECT ADDED ENTRY--TOPICAL TERM
Topical term or geographic name entry element Mobile communication systems.
650 #0 - SUBJECT ADDED ENTRY--TOPICAL TERM
Topical term or geographic name entry element Wireless Internet.
9 (RLIN) 12616
700 1# - ADDED ENTRY--PERSONAL NAME
Personal name Raychaudhuri, Dipankar.
9 (RLIN) 56577
700 1# - ADDED ENTRY--PERSONAL NAME
Personal name Gerla, Mario,
Dates associated with a name 1943-
9 (RLIN) 55453
920 ## - Programme
Programme SOCIT : 171521
Holdings
Withdrawn status Lost status Source of classification or shelving scheme Damaged status Not for loan Home library Current library Date acquired Cost, normal purchase price Total Checkouts Barcode Date last seen Date last checked out Cost, replacement price Koha item type Public note
    Dewey Decimal Classification     Taylor's Library-TU Taylor's Library-TU 27/08/2011 233.60 3 5000121807 05/12/2019 23/04/2012 233.60 Main Collection SOCIT,15011,03,GR